LEADER 04232oam 22009134a 450 001 9910792667803321 005 20221208203220.0 010 $a1-5261-0105-X 010 $a1-5261-1526-3 010 $a1-5261-0104-1 024 7 $a10.7765/9781526101044 035 $a(CKB)3710000000985565 035 $a(MiAaPQ)EBC4773370 035 $a(StDuBDS)EDZ0001606288 035 $a(OCoLC)1090481285 035 $a(MdBmJHUP)muse78075 035 $a(OCoLC)962073538 035 $a(DE-B1597)659501 035 $a(DE-B1597)9781526101044 035 $a(EXLCZ)993710000000985565 100 $a20160815d2016 uy 0 101 0 $aeng 135 $aurcnu|||||||| 181 $2rdacontent 182 $2rdamedia 183 $2rdacarrier 200 10$aAfter '89$ePolish theatre and the political /$fBryce Lease 210 1$aManchester :$cManchester University Press,$d2016. 210 3$aBaltimore, Md. :$cProject MUSE,$d2020 210 4$d©2016. 215 $a1 online resource (242 pages) $cillustrations 225 0 $aTheatre : theory, practice, performance 300 $aIntroduction: really existing democracy 1. The move to neoliberalism 2. No more heroes 3. Beyond a Teatr Kobiecy 4. Gay emancipation and queer counterpublics 5. Rethinking Polish/Jewish relations 6. Equivalencies of exclusion Index.$5CaQQUQ 311 $a1-5261-3954-5 311 $a1-78499-295-X 320 $aIncludes bibliographical references and index. 327 $a4 Gay emancipation and queer counterpublicsProducing counterpublics; Challenging politics; Future potentials; Notes; 5 Rethinking Polish/Jewish relations; Memory and repetition; Who is our class?; Collusion and guilt; Dybbuks; Postmemory; Polin/Polonia; Notes; 6 Equivalencies of exclusion; In Desert and Wilderness; Phallic divestiture; Trans-European migration; Notes; Conclusion; Notes; Bibliography; Index. 327 $aCover; Half-title; Series information; Title page; Copyright information; Table of contents; List of figures; Acknowledgements; Note on the text; Introduction: really existing democracy; Political names; Transformations of the political; Defining the political theatre; Overview; Notes; 1 The move to neoliberalism; Shock therapy; Corporeal readings; Teatr na lewo; Notes; 2 No more heroes; Eschewing patriotism; Contesting Romanticism; Solidarity in dispute; Notes; 3 Beyond a teatr kobiecy; Difficult optimism; Gendered subjects; Beyond the nuclear; Notes. 330 $aThis book provides an exceptional introduction to Polish theatre since the fall of communism, exploring how theatre goes beyond norms and nationalistic concepts to intersect with politics, feminism, queer identities, the rise in anti-Semitism, ethnicities and history. 410 0$aTheatre (Manchester, England) 606 $aTheater$xPolitical aspects$2fast$3(OCoLC)fst01149276 606 $aTheater$2fast$3(OCoLC)fst01149217 606 $aThe?a?tre$xAspect politique$zPologne 606 $aTheater$xPolitical aspects$zPoland 606 $aThe?a?tre$zPologne$xHistoire$y21e sie?cle 606 $aTheater$zPoland$xHistory$y21st century 606 $aThe?a?tre$zPologne$xHistoire$y20e sie?cle 606 $aTheater$zPoland$xHistory$y20th century 607 $aPoland$2fast 608 $aHistory. 608 $aRessources Internet. 610 $aAnti-Semitism. 610 $aContemporary Theatre. 610 $aGender Studies. 610 $aPluralism. 610 $aPoland. 610 $aPolish Romanticism. 610 $aPolitical Theatre. 610 $aPostcolonial. 610 $aPostcommunism. 610 $aQueer Studies. 615 7$aTheater$xPolitical aspects. 615 7$aTheater. 615 7$aThe?a?tre$xAspect politique 615 7$aTheater$xPolitical aspects 615 7$aThe?a?tre$xHistoire 615 7$aTheater$xHistory 615 7$aThe?a?tre$xHistoire 615 7$aTheater$xHistory 676 $a792.09438 700 $aLease$b Bryce$01513783 702 $aGale$b Maggie B. 702 $aDelgado$b Maria M. 801 0$bMdBmJHUP 801 1$bMdBmJHUP 906 $aBOOK 912 $a9910792667803321 996 $aAfter '89$93748430 997 $aUNINA LEADER 02911oam 2200709 c 450 001 9910433233803321 005 20260302090207.0 010 $a3-8309-9049-9 024 3 $a9783830990499 035 $a(CKB)4100000011250265 035 $a(Waxmann)9783830990499 035 $a(oapen)https://directory.doabooks.org/handle/20.500.12854/60187 035 $a(oapen)doab60187 035 $a(EXLCZ)994100000011250265 100 $a20260302d2020 uy 0 101 0 $ager 135 $aurnnunnnannuu 181 $ctxt$2rdacontent 182 $cc$2rdamedia 183 $acr$2rdacarrier 200 00$aStudierende ? Medien ? Universität $eEinblicke in studentische Medienwelten /$fSandra Hofhues, Mandy Schiefner-Rohs, Sandra Aßmann, Taiga Brahm 205 $a1st, New ed. 210 $aMünster$cWaxmann$d2020 215 $a1 online resource (258 p.) 311 08$a3-8309-4049-1 330 $aDigitalisierung wird weithin als allgegenwärtig betrachtet. So vergeht kaum ein Tag, an dem nicht über Digitalisierung und ihre Auswirkungen für die Gesellschaft in all ihren Bereichen gesprochen und/oder geschrieben wird. Diese Entwicklung betrifft auch die Hochschule. Eines fällt aber auf: Studierende als spezifische Gruppe werden in diesen Diskussionen selten in den Blick genommen. Genau diesen Versuch unternimmt der vorliegende Band: Ausgehend von einem Projekt in der Förderlinie ?Digitale Hochschulbildung? des BMBF wird ein umfassendes Bild studentischer Medienwelten in der Universität der Gegenwart gezeichnet. Dabei leitet die übergeordnete Fragestellung, wie Studierende ihrem Studium mit (digitalen) Medien einen eigenen Sinn verleihen, die Beiträge in diesem Buch. Fokussiert werden insbesondere Sinnzusammenhänge zwischen Studium und (digitalen) Medien. 606 $aStudium 606 $aMedien 606 $aUniversität 606 $aStudenten 606 $aMediennutzung 606 $aPraktiken 606 $aMedienhandeln 606 $aVernetzung 606 $aWissensorganisation 606 $aServiceorientierung 606 $aOnline-Erhebung 606 $aSelbstwirksamkeit 606 $aMedien- und Umweltpädagogik 615 4$aStudium 615 4$aMedien 615 4$aUniversität 615 4$aStudenten 615 4$aMediennutzung 615 4$aPraktiken 615 4$aMedienhandeln 615 4$aVernetzung 615 4$aWissensorganisation 615 4$aServiceorientierung 615 4$aOnline-Erhebung 615 4$aSelbstwirksamkeit 615 4$aMedien- und Umweltpädagogik 702 $aHofhues$b Sandra$4edt 702 $aSchiefner-Rohs$b Mandy$4edt 702 $aAßmann$b Sandra$4edt 702 $aBrahm$b Taiga$4edt 801 0$bWaxmann 801 1$bWaxmann 906 $aBOOK 912 $a9910433233803321 996 $aStudierende - Medien - Universität$94377137 997 $aUNINA